000 00703nam a2200217 i 4500
001 115255
003 ES-MaACL
005 20251017063100.0
007 t|
008 070227s1911 sp ||||1| spa d
080 _a821.134.2-32"19"
100 1 _aBarriobero y Herrán, Eduardo,
_d1875-1939
_926012
245 1 3 _aLa cofradía de los mirones /
_cpor Eduardo Barriobero ; ilustraciones de Agustín.
260 _aMadrid :
_bEl Cuento Semanal,
_c1911.
300 _a20 p. :
_bil. ;
_c26 cm.
490 1 _aEl cuento semanal ;
_v231
700 0 _aAgustín,
_dca. 1878-1935
_9171519
830 0 3 _aEl cuento semanal
_v231
_9185957
852 _aES-MaACL
_jG-4447(22)
999 _c115255
_d115255